| 000 | 00705pam a2200241 i 4500 | ||
|---|---|---|---|
| 999 |
_c6720 _d6720 |
||
| 001 | 3664988 | ||
| 003 | OSt | ||
| 005 | 20200309123807.0 | ||
| 008 | 770222s1978 nyua b 001 0 eng | ||
| 010 | _a 77002560 | ||
| 020 | _a0471507318 | ||
| 040 |
_aDLC _cDLC _dDLC |
||
| 082 | 0 | 0 |
_a515.7 _bKRE 1989 |
| 100 | 1 |
_aKreyszig, Erwin. _95451 |
|
| 245 | 1 | 0 |
_aIntroductory functional analysis with applications / _cErwin Kreyszig. |
| 260 |
_aNew York : _bWiley, _c1989. |
||
| 300 |
_axiv, 688 p. : _bill. ; _c24 cm. |
||
| 500 | _aIncludes index. | ||
| 504 | _aBibliography: p. 675-679. | ||
| 650 | 0 |
_aFunctional analysis. _95452 |
|
| 906 |
_a7 _bcbc _corignew _d1 _eocip _f19 _gy-gencatlg |
||
| 942 |
_2ddc _cO_SHELF |
||